| 000 | 01284nam a22003617a 4500 | ||
|---|---|---|---|
| 001 | 0071994 | ||
| 003 | KOHA_MİRAKIL | ||
| 005 | 20260207005036.0 | ||
| 007 | ta | ||
| 008 | 240913b2007 tu |||gr||||#0|||1|tur | | ||
| 020 | _a9789944116091 | ||
| 040 |
_aTR-BiSEU _btur _cTR-BiSEU _erda |
||
| 041 | 0 | _atur | |
| 044 | _ctu | ||
| 050 |
_aPA2387.T8 _bY66 2007 |
||
| 100 | 1 | _aYöndemli, Fuat. | |
| 245 | 1 |
_aFiat lux (Işık olsun): Latince sözler ve deyimler: Türkçe okunuş ve karşılıkları/ _cFuat Yöndemli ; Fuat Yöndemli. |
|
| 264 | 1 |
_aİstanbul : _bNKM _c2007 |
|
| 300 | _a486 sayfa; 22 cm. | ||
| 336 |
_ametin _btxt _2rdacontent |
||
| 337 |
_aaracısız _bn _2rdamedia |
||
| 338 |
_acilt _bnc _2rdacarrier |
||
| 490 | 1 |
_aNüve Kültür Merkezi Yayınları Dil dizisi ; _v4 |
|
| 650 | 0 |
_aLatince--Latince söz ve deyimler. _9142797 |
|
| 650 | 0 |
_aLatin dili--Sözlükler--Türkçe. _9142798 |
|
| 650 | 0 |
_aVeciz sözler, Latin--Türkçeye çeviri. _9142799 |
|
| 650 | 0 |
_aLatin--Latin words and phrases. _9142800 |
|
| 650 | 0 |
_aLatin language--Dictionaries--Turkish. _9142801 |
|
| 650 | 0 |
_aAphorisms, Latin--Turkish translation. _9142802 |
|
| 830 | 1 |
_aNüve Kültür Merkezi Yayınları Dil dizisi ; _v4 _9142803 |
|
| 907 | _aDil ve Edebiyat | ||
| 942 |
_2lcc _cBK |
||
| 999 |
_c72746 _d72746 |
||